Wortgemisch-Städte in Mecklenburg-Vorpommern - Statistiken

Allgemein
  • Dieses Quiz wurde 240 mal gespielt
  • Das Durchschnittsergebnis liegt bei 5 aus 6
Antwortstatistiken
Antwort % Korrekt
Rostock
99%
Wismar
93%
Schwerin
90%
Güstrow
84%
Neubrandenburg
84%
Stralsund
77%
Parchim
75%
Sassnitz
74%
Ludwigslust
72%
Wolgast
60%
Neustrelitz
58%
Waren (Müritz)
57%
Keine übereinstimmenden Quizze gefunden
Verteilung der Resultate
Anzahl Personen mit jedem Resultat
Perzentil nach korrekt beantworteten Fragen
Ihre Resultats-Entwicklung
Sie haben dieses Quiz noch nicht gespielt